| 000 | 00601nam a2200193 i 4500 | ||
|---|---|---|---|
| 001 | 33977 | ||
| 003 | ES-MaACL | ||
| 007 | t| | ||
| 008 | 030203s1984 sp ||||1| spa d | ||
| 100 | 1 |
_aBoden, Margaret. _929701 |
|
| 245 | 1 | 0 |
_aInteligencia artificial y hombre natural / _cMargaret Boden ; [traducción de Julio C. Armero Sanjosé]. |
| 260 |
_a[Madrid] : _bTecnos, _c[1984] |
||
| 300 |
_a642 p. ; _c22 cm. |
||
| 490 | 1 | _aFilosofía y ensayo | |
| 700 | 1 |
_aArmero Sanjosé, Julio C. _922969 |
|
| 830 | 0 |
_aFilosofía y ensayo _9179242 |
|
| 852 |
_aES-MaACL _jL-986 _bR.106253 |
||
| 999 |
_c33977 _d33977 |
||